Statistics for Glee

Click here to take the quiz!

General Stats

  • This quiz has been taken 587 times
    (563 since last reset)
  • The average score is 28 of 44

Answer Stats

HintAnswer% Correct
Co-captain of glee. Football quarterback.Finn Hudson
98%
Co-captain of glee. NYADA student.Rachel Berry
98%
Gay guy.Kurt Hummel
94%
Captain of cheerios.Quinn Fabray
94%
Mohawk.Noah Puckerman
92%
Cripple guy.Artie Abrams
91%
Asian dancer.Mike Chang
91%
Cheerios. ^ girlfriend.Santana Lopez
91%
Stutter Asian girl.Tina Cohen-Chang
91%
Diva.Mercedes Jones
88%
Cheerios coach.Sue Sylvester
87%
Former Warbler. Move to New Direction.Blaine Anderson
85%
Principal of WMHS.Principal Figgins
77%
Guidance counselor.Emma Pillsbury
76%
Vocal Adrenaline singer.Jesse St. James
75%
Ken. Bieber.Sam Evans
75%
Class captain of 2011. Cheerios.Brittany Pierce
74%
Down syndrome cheerios.Becky Jackson
73%
Director of glee club.Will Schuester
69%
Kurt's dad.Burt Hummel
68%
Fake pregnancy.Terri Schuester
68%
Substitute teacher.Holly Holiday
63%
Puck's half brother.Jake Puckerman
62%
Football coach (season 2)Shannon Beiste
61%
Former football coach. (Season 1)Ken Tanaka
60%
Wrestler.Lauren Zizes
58%
New glee girl. Brunette.Marley Rose
57%
Asperger's syndrom.Sugar Motta
54%
Irish.Rory Flanagan
51%
New Quinn.Kitty Wilde
47%
NYADA's dance directorCassandra July
45%
Alex Newell's character.Wade "Unique" Adams
45%
Synchronized swimming coach.Roz Washington
43%
Transfered Filipino girl.Sunshine Corazon
42%
School gossip source. Blogger.Jacob Ben Israel
41%
Quinn's baby.Beth Corcoran
39%
School bully.David Karofsky
39%
Evil Warbler.Sebastian Smythe
37%
Vocal Adrenaline coach (Season 1)Shelby Corcoran
36%
Tarantula head.Joe Hart
35%
Glee member. Minor character. No longer seen after season 2.Matt Rutherford
35%
Rachel's NYADA classmateBrody Weston
24%
Winner of TGP S2's character.Ryder Lynn
21%
Lindsay Pearce's character.Harmony
16%

Score Distribution

Percentile by Number Answered

Percent of People with Each Score

Your Score History

You have not taken this quiz since the last reset